000 00325nam a22001457a 4500
008 181122b xxu||||| |||| 00| 0 eng d
020 _a0316091707
041 _aeng
080 _21 st
_a610.73
082 _a610.73
100 _a1-2
101 _a INF
245 _aHandbook of critical care
_cBerk.J.L
942 _2udc
_cBK
999 _c52364
_d52364